000 02746nam a2200457 c 4500
003 BLK
005 20240604102314.0
008 180408b bul|||||r ||||||| ||bul||
010 _aKNG00081086000
020 _a978-954-01-1981-6
_bиздат.: Просвета
040 _aBLK
041 _aBUL
_cBUL
080 _aБългарски език в основното училище. Методика на обучението
_b373.3.016:811.163.2
_x(079)(075.2)
_z373.3.016:811.163.2(079)(075.2)
080 _aБългарска литература в основното училище. Методика на обучението
_b373.3.016:821.163.2
_x(079)(075.2)
_z373.3.016:821.163.2(079)(075.2)
100 1 _aВасева, Милена Петрова
_eпърви автор
_9364002
700 1 _aАнгелова, Татяна Гаврилова
_e*
_9364575
700 1 _aНиколова, Боряна Методиева
_e*
_9297960
700 1 _aМихайлова, Весела Василева
_997747
700 1 _aТишева, Йовка Великова
_e*
_9366283
700 1 _aДачева, Гергана Кирилова
_e*
_9371918
139 _aТестови задачи по български език и литература за VІІ клас
_bТ 53
245 1 0 _aТестови задачи по български език и литература за VІІ клас
_bПомагало за кандидатстване след VІІ кл.
_cМилена Петрова Васева; * Татяна Гаврилова Ангелова; * Боряна Методиева Николова; * Весела Василева Михайлова; * Йовка Великова Тишева; * Гергана Кирилова Дачева.
257 _aBGR
260 София
_bПросвета
_c2007
_fСофия : Родина
300 _a72 с.
_c24 см
380 _a3
500 _aДруги авт. : Т. Ангелова, Б. Николова, Й. Тишщева, Г. Дачева. - Офс. изд.
650 4 _aБългарски език - тестове и задачи - учебници за основни училища
_9256979
650 4 _aБългарска литература - тестове - учебни помагала
_9259739
653 _aбългарски език
653 _aбългарска литература
653 _aтестови задачи
653 _aкандидат-гимназисти
653 _aучебни помагала
852 _aЦб 238087
856 4 _qpdf
_u
856 4 _qpdf
_u
942 _cKNG
_n0
_01
944 _aCR
_c06.02.2008
_k30560
_lГеновева Генчева
944 _aED
_c14.04.2008
_k
999 _c76650
_d76650